[Event "BIH-chT2"]
[Site "Tuzla"]
[Date "2015.10.17"]
[Round "3.1"]
[White "Salkic, Mahir"]
[Black "Strinic, Halid"]
[Result "0-1"]
[WhiteElo "1968"]
[BlackElo "2109"]
[PlyCount "112"]
[EventDate "2015.10.16"]

1. d4 d5 2. Nf3 c6 3. c4 Nf6 4. Nc3 dxc4 5. e4 b5 6. Qc2 e6 7. Bg5 Be7 8. Be2
Bb7 9. O-O h6 10. Bh4 Nbd7 11. e5 Nd5 12. Bxe7 Qxe7 13. Ne4 O-O 14. Nd6 N7b6
15. Nd2 f5 16. b3 c3 17. Nf3 Nc8 18. Nxb7 Qxb7 19. a3 a5 20. Ne1 Qb6 21. Nf3
Nce7 22. Rfd1 Rac8 23. Rd3 Rfd8 24. Rad1 b4 25. Qc1 a4 26. axb4 axb3 27. Rxc3
Nxc3 28. Qxc3 Nd5 29. Qxb3 Qxb4 30. Qxb4 Nxb4 31. Bc4 Kf7 32. Ra1 Ra8 33. Rb1
Rdb8 34. h4 g6 35. Kh2 Ke7 36. Rg1 Ra3 37. Rb1 Rc3 38. Bf1 Rc2 39. Kg3 c5 40.
dxc5 Rxc5 41. Nd4 Rb6 42. f4 Nd5 43. Ra1 Rc3+ 44. Nf3 Rb4 45. Ra7+ Rc7 46. Ra8
Nxf4 47. Rh8 Rc1 48. Rh7+ Kf8 49. Ba6 Rc2 50. Bf1 Ne2+ 51. Bxe2 Rxe2 52. Kh3
Rg4 53. g3 Rf2 54. Nh2 Re4 55. Rh8+ Kg7 56. Ra8 Ree2 0-1

[Event "BIH-chT2"]
[Site "Tuzla"]
[Date "2015.10.17"]
[Round "3.1"]
[White "Kurtcehajic, Suad"]
[Black "Salkic, Midhat"]
[Result "0-1"]
[WhiteElo "2057"]
[BlackElo "1999"]
[PlyCount "115"]
[EventDate "2015.10.16"]

1. e4 c5 2. c3 d5 3. exd5 Qxd5 4. d4 e6 5. Nf3 Nf6 6. Bd3 Be7 7. Be3 Nc6 8. O-O
O-O 9. dxc5 Rd8 10. Nd4 Bxc5 11. Nxc6 bxc6 12. Bxc5 Qxd3 13. Qxd3 Rxd3 14. Bd4
Ba6 15. Rc1 Rd8 16. Na3 Nd5 17. g3 Rd7 18. Rd1 Ne7 19. Rxd3 Bxd3 20. Rd1 Ba6
21. Rd2 f6 22. Be3 Rb7 23. c4 e5 24. b3 Kf7 25. Rd8 Nf5 26. Bc5 h5 27. Nc2 Rc7
28. Ra8 Rd7 29. Bxa7 Bb7 30. Rb8 c5 31. Rxb7 Rxb7 32. Bxc5 Ke6 33. Kf1 Nd4 34.
Bxd4 exd4 35. Nxd4+ Ke5 36. Nb5 Ke6 37. a4 Kd7 38. Ke2 Kc6 39. Kd3 Rd7+ 40. Kc3
Rd1 41. Nd4+ Kb6 42. b4 Rc1+ 43. Nc2 Rf1 44. c5+ Kb7 45. f4 h4 46. Nd4 Rc1+ 47.
Kd3 h3 48. b5 Rxc5 49. Ke3 Kb6 50. a5+ Kb7 51. Kf3 f5 52. a6+ Kb6 53. Ne6 Rc3+
54. Kf2 Rc2+ 55. Kg1 Rg2+ 56. Kh1 Re2 57. Kg1 Rxe6 58. Kf2 0-1

[Event "BIH-chT2"]
[Site "Tuzla"]
[Date "2015.10.17"]
[Round "3.2"]
[White "Abdil, Halil"]
[Black "Bajramovic, Halid"]
[Result "1-0"]
[WhiteElo "2211"]
[BlackElo "2144"]
[PlyCount "61"]
[EventDate "2015.10.16"]

1. e4 c5 2. Nf3 d6 3. d4 cxd4 4. Nxd4 Nf6 5. Nc3 Nc6 6. Bg5 e6 7. Qd2 a6 8.
O-O-O Be7 9. f4 Bd7 10. Nf3 h6 11. Bh4 Qc7 12. e5 dxe5 13. fxe5 Ng8 14. Bxe7
Ngxe7 15. Ne4 Ng6 16. Nd6+ Ke7 17. Qc3 Kf8 18. Bd3 Nge7 19. Rhf1 Kg8 20. Be4
Be8 21. Rd2 g6 22. g4 h5 23. Ng5 hxg4 24. Ngxf7 Rh3 25. Rd3 Nf5 26. Rxh3 gxh3
27. Bxf5 Bxf7 28. Bxh3 Be8 29. Bxe6+ Bf7 30. Bxf7+ Kg7 31. e6+ 1-0

[Event "BIH-chT2"]
[Site "Tuzla"]
[Date "2015.10.17"]
[Round "3.2"]
[White "Cunjalo, Faris"]
[Black "Petrovic, Sasa"]
[Result "1/2-1/2"]
[WhiteElo "2054"]
[BlackElo "2225"]
[PlyCount "107"]
[EventDate "2015.10.16"]

1. d4 f5 2. c4 Nf6 3. g3 g6 4. Bg2 Bg7 5. Nf3 O-O 6. O-O c6 7. Nc3 d6 8. Re1
Ne4 9. Qc2 d5 10. cxd5 cxd5 11. Bf4 Nc6 12. Red1 Be6 13. e3 Rc8 14. Qa4 Qa5 15.
Qxa5 Nxa5 16. Ng5 Nxc3 17. bxc3 Bf7 18. Nxf7 Kxf7 19. Bxd5+ e6 20. Bf3 Rxc3 21.
Bd6 Rc2 22. Bxf8 Bxf8 23. Rac1 Rxa2 24. Rc7+ Kf6 25. Bxb7 Nxb7 26. Rxb7 a5 27.
h4 a4 28. Rc1 g5 29. Rcc7 Kg6 30. Rf7 Bh6 31. hxg5 Kxg5 32. Rxh7 a3 33. Rb3 Bf8
34. Kg2 Ra1 35. Rh1 Rxh1 36. Rxa3 Bxa3 37. Kxh1 Kg4 38. Kg2 Bb4 39. f3+ Kg5 40.
Kf2 Bd2 41. Ke2 Bc1 42. Kd3 Kf6 43. Ke2 Ba3 44. e4 fxe4 45. fxe4 Kg5 46. Ke3
Bc1+ 47. Kf3 Bb2 48. Ke3 Kf6 49. e5+ Kf5 50. g4+ Kxg4 51. Ke4 Bxd4 52. Kxd4 Kf4
53. Kd3 Kxe5 54. Ke3 1/2-1/2

[Event "BIH-chT2"]
[Site "Tuzla"]
[Date "2015.10.17"]
[Round "3.2"]
[White "Pasalic, Adnan"]
[Black "Markovic, Dino"]
[Result "1/2-1/2"]
[WhiteElo "2078"]
[BlackElo "1993"]
[PlyCount "63"]
[EventDate "2015.10.16"]

1. d4 Nf6 2. c4 e6 3. Nf3 Bb4+ 4. Bd2 a5 5. Nc3 b6 6. e3 Bb7 7. Bd3 O-O 8. O-O
Bxc3 9. Bxc3 Ne4 10. Bxe4 Bxe4 11. Nd2 Bb7 12. Re1 f5 13. Nf3 d6 14. Rc1 Nd7
15. b3 h6 16. Bb2 g5 17. Nd2 Nf6 18. c5 Qd7 19. cxd6 Qxd6 20. Nc4 Qd5 21. f3
Rac8 22. Qc2 g4 23. Ne5 gxf3 24. gxf3 Kh7 25. h3 Rg8+ 26. Kh2 Rg7 27. Rg1 Rcg8
28. Qf2 Qd6 29. Rxg7+ Rxg7 30. Rg1 Qe7 31. Bc1 Nd7 32. Rxg7+ 1/2-1/2

[Event "BIH-chT2"]
[Site "Tuzla"]
[Date "2015.10.17"]
[Round "3.2"]
[White "Hadzic, Latif"]
[Black "Corbadzic, Samir"]
[Result "1/2-1/2"]
[WhiteElo "2047"]
[BlackElo "2111"]
[PlyCount "68"]
[EventDate "2015.10.16"]

1. e4 e6 2. Qe2 c5 3. Nf3 Nc6 4. g3 Nge7 5. Bg2 g6 6. O-O Bg7 7. d3 O-O 8. Nc3
a6 9. a4 Rb8 10. Bd2 d6 11. Nd1 Qc7 12. c3 Bd7 13. Bf4 b5 14. axb5 axb5 15. Qe3
Rfe8 16. d4 c4 17. Bh6 Bh8 18. Nd2 Nd8 19. Qe2 f5 20. Be3 Nf7 21. f4 d5 22.
exf5 Nxf5 23. Bf2 Ra8 24. Ne3 Nxe3 25. Bxe3 Nd6 26. Bf2 Bg7 27. Nf3 Ra7 28. Ne5
Rea8 29. Rxa7 Rxa7 30. Nxd7 Qxd7 31. Re1 Kf7 32. Bh3 Ne4 33. Bg2 Nd6 34. Bh3
Ne4 1/2-1/2

[Event "BIH-chT2"]
[Site "Tuzla"]
[Date "2015.10.17"]
[Round "3.2"]
[White "Hamzic, Adil"]
[Black "Redzepi, Mehmedalija"]
[Result "1/2-1/2"]
[WhiteElo "1762"]
[BlackElo "1909"]
[PlyCount "87"]
[EventDate "2015.10.16"]

1. e4 e6 2. d4 d5 3. Nd2 Nf6 4. exd5 exd5 5. Ngf3 Bg4 6. h3 Bh5 7. Qe2+ Qe7 8.
g4 Qxe2+ 9. Bxe2 Bg6 10. c3 Bd6 11. Ne5 Nbd7 12. Nxg6 hxg6 13. Kd1 O-O-O 14.
Bf3 Rde8 15. Nf1 Ne4 16. Be3 f5 17. Bxe4 Rxe4 18. f3 Re6 19. Bf2 fxg4 20. fxg4
Nf6 21. g5 Ne4 22. Be3 Bf4 23. Kc2 Bxg5 24. Bxg5 Nxg5 25. Nh2 Rxh3 26. Ng4 Rg3
27. Ne5 c5 28. Rac1 c4 29. Rcg1 Rxg1 30. Rxg1 Ne4 31. Nxg6 Kd8 32. Nf4 Rf6 33.
Nxd5 Rf2+ 34. Kc1 g5 35. a4 a6 36. Nb6 Nd2 37. Nd5 Nb3+ 38. Kb1 b5 39. axb5
axb5 40. Ka2 Rf5 41. Ne3 Rf3 42. Nd5 Rf5 43. Ne3 Rf3 44. Nd5 1/2-1/2

[Event "BIH-chT2"]
[Site "Tuzla"]
[Date "2015.10.17"]
[Round "3.3"]
[White "Drazic, Sinisa"]
[Black "Nurkic, Sahbaz"]
[Result "1/2-1/2"]
[WhiteElo "2430"]
[BlackElo "2372"]
[PlyCount "114"]
[EventDate "2015.10.16"]

1. d4 g6 2. Nf3 Bg7 3. g3 Nf6 4. Bg2 O-O 5. b3 d6 6. Bb2 Nc6 7. O-O e5 8. dxe5
Nd7 9. Nc3 dxe5 10. Nd2 Re8 11. Nc4 Nd4 12. a4 a6 13. Nd5 c6 14. Nde3 Qc7 15.
c3 Ne6 16. Qd6 Qd8 17. Qd2 Qc7 18. a5 Rd8 19. Rfd1 b5 20. axb6 Nxb6 21. Qc2 Bb7
22. Na5 Rac8 23. Nxb7 Qxb7 24. Ba3 Nd5 25. Nc4 e4 26. Bxe4 Nxc3 27. Nd6 Rxd6
28. Bxd6 Nxd1 29. Rxd1 Nd4 30. Qc4 Qd7 31. Qxa6 Re8 32. Bg2 Qxd6 33. e3 Qb4 34.
exd4 Re1+ 35. Rxe1 Qxe1+ 36. Qf1 Qxf1+ 37. Kxf1 Bxd4 38. Bxc6 Kf8 39. Ke2 Ke7
40. b4 f5 41. f4 h6 42. h4 Kf6 43. Bd5 g5 44. fxg5+ hxg5 45. h5 Bb6 46. Bf3 Bc7
47. g4 fxg4 48. Bxg4 Kg7 49. Kf3 Kh8 50. Ke4 Bb6 51. Kf5 Be3 52. Kg6 Kg8 53.
Be6+ Kh8 54. h6 g4 55. Bxg4 Bb6 56. Be6 Be3 57. h7 Bb6 1/2-1/2

[Event "BIH-chT2"]
[Site "Tuzla"]
[Date "2015.10.17"]
[Round "3.3"]
[White "Burovic, Ismet"]
[Black "Mumanovic, Adis"]
[Result "1-0"]
[WhiteElo "2324"]
[BlackElo "2083"]
[PlyCount "89"]
[EventDate "2015.10.16"]

1. e4 c6 2. d4 d5 3. e5 g6 4. Nd2 Bg7 5. Nb3 b6 6. Nf3 Bg4 7. h3 Bxf3 8. Qxf3
e6 9. h4 h6 10. h5 g5 11. Qg4 Qe7 12. Bd3 f5 13. exf6 Nxf6 14. Bg6+ Kd7 15. Qe2
Kc7 16. f4 gxf4 17. Bxf4+ Kb7 18. O-O-O Nbd7 19. Rhe1 Nf8 20. Bd3 a5 21. a4
N6d7 22. c3 Bf6 23. Qe3 b5 24. axb5 a4 25. bxc6+ Kxc6 26. Nd2 a3 27. b4 Kb6 28.
Nb3 Rg8 29. Re2 Bg5 30. Kb1 a2+ 31. Kb2 Qf6 32. g3 Bxf4 33. gxf4 Rg4 34. Rf2
Kc7 35. Ra1 Qh4 36. Na5 Rg3 37. Rf3 Rg2+ 38. Kb3 Qh2 39. f5 Rb2+ 40. Ka3 Rd2
41. fxe6 Nb6 42. Rf7+ Kd6 43. Bb5 Nxe6 44. Rf6 Re8 45. Bxe8 1-0

[Event "BIH-chT2"]
[Site "Tuzla"]
[Date "2015.10.17"]
[Round "3.4"]
[White "Kekic, Armin"]
[Black "Trumic, Enes"]
[Result "1/2-1/2"]
[WhiteElo "2231"]
[BlackElo "2244"]
[PlyCount "22"]
[EventDate "2015.10.16"]

1. e4 e5 2. Nf3 Nc6 3. Bb5 a6 4. Ba4 Nf6 5. O-O Be7 6. Re1 b5 7. Bb3 d6 8. c3
Na5 9. Bc2 c5 10. h3 O-O 11. d4 Qc7 1/2-1/2

[Event "BIH-chT2"]
[Site "Tuzla"]
[Date "2015.10.17"]
[Round "3.4"]
[White "Avdic, Adnan"]
[Black "Komic, Ibrahim"]
[Result "1/2-1/2"]
[WhiteElo "2268"]
[BlackElo "2231"]
[PlyCount "104"]
[EventDate "2015.10.16"]

1. e4 e6 2. d4 d5 3. Nd2 dxe4 4. Nxe4 Bd7 5. Nf3 Bc6 6. Bd3 Nd7 7. Be3 Ngf6 8.
Ned2 Be7 9. Qe2 a6 10. O-O-O b5 11. c3 Bd5 12. Bb1 c5 13. dxc5 Bxc5 14. Bxc5
Nxc5 15. Ng5 Qc7 16. f3 Rc8 17. Qe3 Na4 18. Qd4 O-O 19. a3 Rfd8 20. Qe3 a5 21.
Nde4 Bxe4 22. Nxe4 Nd5 23. Qg5 h6 24. Qg3 Qe7 25. Bc2 Nab6 26. Kb1 b4 27. cxb4
axb4 28. a4 Rxc2 29. Kxc2 Ne3+ 30. Kc1 Nxd1 31. Rxd1 Rxd1+ 32. Kxd1 Nxa4 33.
Kc2 f5 34. Qd6 Qxd6 35. Nxd6 Nc5 36. Nc4 Kf7 37. Ne5+ Ke7 38. Nc6+ Kd6 39. Nxb4
e5 40. Kc3 Ne6 41. Kc4 h5 42. Nd5 h4 43. Ne3 g6 44. Nd5 h3 45. gxh3 Ng5 46. f4
Nxh3 47. fxe5+ Kxe5 48. Kc5 Nf2 49. b4 Nd3+ 50. Kc4 Nb2+ 51. Kc5 Nd3+ 52. Kc4
Nb2+ 1/2-1/2

[Event "BIH-chT2"]
[Site "Tuzla"]
[Date "2015.10.17"]
[Round "3.4"]
[White "Abdic, Adnan"]
[Black "Obad, Andrija"]
[Result "0-1"]
[WhiteElo "2170"]
[BlackElo "2201"]
[PlyCount "120"]
[EventDate "2015.10.16"]

1. e4 c5 2. Nf3 d6 3. d4 cxd4 4. Nxd4 Nf6 5. Nc3 a6 6. Be3 e5 7. Nb3 Be6 8. Qd2
Nbd7 9. f3 Qc7 10. g4 Be7 11. h4 b5 12. g5 Nh5 13. Nd5 Bxd5 14. exd5 Ng3 15.
Rg1 Nxf1 16. Rxf1 a5 17. Qd3 O-O 18. Nd2 Rfc8 19. O-O-O a4 20. Kb1 b4 21. Rc1
Rab8 22. Ne4 Qa5 23. Rfd1 Rb7 24. f4 exf4 25. Bxf4 Nc5 26. Nxc5 Qxc5 27. Re1
Bf8 28. Re4 Rb5 29. Be3 Qxd5 30. Qxd5 Rxd5 31. Rxb4 a3 32. bxa3 Ra5 33. c4 Rxa3
34. Rb3 Ra4 35. Rbc3 Rca8 36. R1c2 Rb8+ 37. Rb3 Rc8 38. Rbc3 Rb8+ 39. Rb3 Rc8
40. Rbc3 g6 41. Bd4 d5 42. Bf6 dxc4 43. Re3 Rb8+ 44. Rb2 Rc8 45. Bc3 Bg7 46.
Bxg7 Kxg7 47. Rb7 c3 48. Rf3 c2+ 49. Kc1 Rf8 50. a3 Rxh4 51. Kxc2 Rg4 52. Rb5
h6 53. gxh6+ Kxh6 54. Kb3 Ra8 55. Rxf7 Rg3+ 56. Kc2 Raxa3 57. Kb1 Rab3+ 58.
Rxb3 Rxb3+ 59. Kc2 Re3 60. Kd2 Re8 0-1

[Event "BIH-chT2"]
[Site "Tuzla"]
[Date "2015.10.17"]
[Round "3.4"]
[White "Komadaric, Edin"]
[Black "Hadzic, Sabahet"]
[Result "1-0"]
[WhiteElo "2155"]
[BlackElo "1950"]
[PlyCount "87"]
[EventDate "2015.10.16"]

1. e4 e6 2. d4 d5 3. Nc3 Nf6 4. Bg5 Bb4 5. e5 h6 6. Bd2 Nfd7 7. Qg4 Bf8 8. f4
c5 9. Nb5 Rg8 10. Nf3 a6 11. Nc3 Nc6 12. Ne2 cxd4 13. Nexd4 Nxd4 14. Nxd4 Nc5
15. O-O-O Ne4 16. Be3 Qa5 17. Kb1 Qb6 18. Rd3 Bc5 19. Ka1 Bd7 20. Qh4 Bb5 21.
Rd1 Bxf1 22. Rhxf1 Bxd4 23. Rxd4 Qc7 24. c4 Rd8 25. cxd5 exd5 26. Rc1 Qd7 27.
Rcd1 g5 28. fxg5 Nxg5 29. Qxh6 Ne6 30. R4d2 Qb5 31. g3 d4 32. Bf4 d3 33. Qh7
Rg7 34. Qe4 Nc5 35. Qf3 Qc4 36. Kb1 Qb4 37. h4 Rg6 38. Bg5 Rd7 39. Bf6 Rg4 40.
h5 Rc4 41. b3 Rc3 42. e6 Rd4 43. exf7+ Kf8 44. Bg7+ 1-0

[Event "BIH-chT2"]
[Site "Tuzla"]
[Date "2015.10.17"]
[Round "3.4"]
[White "Ruznic, Ramiz"]
[Black "Jovanovic, Nenad"]
[Result "0-1"]
[WhiteElo "2040"]
[BlackElo "2055"]
[PlyCount "102"]
[EventDate "2015.10.16"]

1. Nf3 d5 2. d4 Nf6 3. g3 c6 4. Bg2 Bf5 5. O-O e6 6. c4 dxc4 7. Ne5 Be4 8. f3
Bxb1 9. Rxb1 Nbd7 10. Nxc4 Nb6 11. Qd3 Nxc4 12. Qxc4 Be7 13. b4 Qd5 14. Qxd5
Nxd5 15. Bd2 Bf6 16. e3 a6 17. Rfc1 O-O 18. Bf1 Nb6 19. Bc3 h5 20. Kf2 Rfe8 21.
f4 g6 22. Be2 Nc8 23. a4 Nd6 24. Bd3 Rec8 25. Bd2 Kf8 26. Kf3 Ke8 27. Rc2 Bd8
28. e4 Kd7 29. h3 Be7 30. Be3 f5 31. e5 Ne8 32. g4 Nc7 33. Rg2 hxg4+ 34. hxg4
Rh8 35. Kg3 Rh4 36. Rh2 Rxg4+ 37. Kf3 Nd5 38. Bd2 b5 39. a5 g5 40. fxg5 Rxd4
41. Ke2 Rg4 42. Rh7 Rg8 43. Rbh1 Nxb4 44. Bb1 Nd5 45. Kf3 c5 46. Rh8 Rxh8 47.
Rxh8 Bxg5 48. Bxg5 Rxg5 49. Ra8 Nc7 50. Rb8 Rg4 51. Rb6 Ra4 0-1

[Event "BIH-chT2"]
[Site "Tuzla"]
[Date "2015.10.17"]
[Round "3.5"]
[White "Kojic, Tigran"]
[Black "Hrvic, Bilal"]
[Result "1-0"]
[WhiteElo "2346"]
[BlackElo "2124"]
[PlyCount "45"]
[EventDate "2015.10.16"]

1. d4 d5 2. c4 c6 3. Nf3 Nf6 4. Nc3 Bf5 5. cxd5 Nxd5 6. Qb3 b6 7. Ne5 Be6 8. e4
Nxc3 9. Qxc3 Qc8 10. Bf4 f6 11. Nf3 Bd7 12. Rc1 Qb7 13. Bc4 b5 14. Bb3 e6 15.
O-O Be7 16. Rfd1 a5 17. d5 cxd5 18. exd5 e5 19. Nxe5 b4 20. Qe1 fxe5 21. Qxe5
Kd8 22. Qxg7 Re8 23. d6 1-0

[Event "BIH-chT2"]
[Site "Tuzla"]
[Date "2015.10.17"]
[Round "3.5"]
[White "Nurkic, Alija"]
[Black "Mrndjic, Muamer"]
[Result "1/2-1/2"]
[WhiteElo "2084"]
[BlackElo "2224"]
[PlyCount "82"]
[EventDate "2015.10.16"]

1. e4 e6 2. d4 d5 3. e5 c5 4. c3 Nc6 5. Nf3 Nge7 6. a3 Nf5 7. b4 cxd4 8. cxd4
Qb6 9. Bb2 Bd7 10. Be2 Be7 11. O-O O-O 12. Qd3 Rac8 13. Nbd2 a5 14. b5 Na7 15.
a4 Qd8 16. Rac1 Bb4 17. Nb3 b6 18. Ne1 Rxc1 19. Bxc1 Qc7 20. Nc2 Be7 21. Ne3
Rc8 22. Bd2 Nxe3 23. Qxe3 f5 24. Bd3 Qd8 25. Qf3 Bg5 26. Qe2 Bxd2 27. Qxd2 Qe7
28. Nxa5 bxa5 29. Qxa5 Be8 30. Qa6 Rc3 31. b6 Nc6 32. Bb5 Kf8 33. Qc8 Qa3 34.
b7 Rc1 35. Qxe8+ Kxe8 36. Bxc6+ Ke7 37. b8=Q Rxf1+ 38. Kxf1 Qc1+ 39. Ke2 Qc2+
40. Ke1 Qc1+ 41. Ke2 Qc2+ 1/2-1/2

[Event "BIH-chT2"]
[Site "Tuzla"]
[Date "2015.10.17"]
[Round "3.5"]
[White "Zacinovic, Alija"]
[Black "Imamovic, Smail"]
[Result "1-0"]
[WhiteElo "2226"]
[BlackElo "1972"]
[PlyCount "103"]
[EventDate "2015.10.16"]

1. e4 e5 2. Nf3 Nc6 3. d4 exd4 4. Nxd4 Bc5 5. Nb3 Bb6 6. Be2 Nge7 7. Nc3 a6 8.
Bg5 O-O 9. Qd2 d6 10. f4 f6 11. Bh4 Ng6 12. Bg3 f5 13. O-O-O fxe4 14. Nxe4 a5
15. a4 Bf5 16. Bf3 Nb4 17. Nd4 Bd7 18. h4 Bxd4 19. Qxd4 d5 20. Nc3 c6 21. h5
Ne7 22. Bf2 Nf5 23. Qc5 Na6 24. Qb6 Qb8 25. Ne2 Nd6 26. h6 g6 27. g3 Nb4 28. g4
Rf7 29. b3 Ne4 30. Be3 Ra6 31. Qd4 c5 32. Qb2 Qc7 33. c3 Nc6 34. Rxd5 Nf6 35.
Rg5 b6 36. Qd2 Kh8 37. Rd1 Ra8 38. Qd6 Qc8 39. f5 Qe8 40. Bf4 gxf5 41. Bxc6
Bxc6 42. Be5 Qf8 43. Qxf8+ Raxf8 44. Rd6 Bf3 45. Nf4 Re8 46. Re6 Rxe6 47. Nxe6
fxg4 48. Kd2 Bd5 49. Nf4 Be4 50. c4 Bg6 51. Nd5 Rd7 52. Kc1 1-0

[Event "BIH-chT2"]
[Site "Tuzla"]
[Date "2015.10.17"]
[Round "3.5"]
[White "Mujagic, Ismet"]
[Black "Mrndjic, Armin"]
[Result "0-1"]
[WhiteElo "1858"]
[BlackElo "2122"]
[PlyCount "76"]
[EventDate "2015.10.16"]

1. d4 Nf6 2. Nf3 g6 3. g3 Bg7 4. Bg2 O-O 5. O-O d6 6. c3 c6 7. Nbd2 Qa5 8. Qc2
Qh5 9. Re1 Bh3 10. Ne4 Nbd7 11. Nxf6+ Nxf6 12. Bg5 h6 13. Bxf6 Bxf6 14. Bxh3
Qxh3 15. e4 Bg7 16. Qe2 a5 17. a4 Kh7 18. Kh1 Rab8 19. Ng1 Qd7 20. f4 b5 21.
axb5 Rxb5 22. c4 Rb4 23. e5 dxe5 24. dxe5 Qb7 25. Rxa5 Rxb2 26. Qe4 Qb6 27.
Raa1 Rd8 28. Rab1 Rdd2 29. Rxb2 Rxb2 30. Re2 Rb1 31. Re1 Rb4 32. Rc1 e6 33. g4
Qc5 34. Nf3 Qf2 35. Rg1 Rb3 36. Rg3 Bf8 37. Qxc6 Bc5 38. Rg2 Rb1+ 0-1

[Event "BIH-chT2"]
[Site "Tuzla"]
[Date "2015.10.18"]
[Round "4.1"]
[White "Rasidovic, Sead"]
[Black "Malkic, Jusuf"]
[Result "1-0"]
[WhiteElo "2337"]
[BlackElo "2117"]
[PlyCount "119"]
[EventDate "2015.10.16"]

1. e4 Nf6 2. e5 Nd5 3. d4 d6 4. Nf3 Bg4 5. Be2 e6 6. O-O Nc6 7. c4 Nb6 8. exd6
cxd6 9. b3 Be7 10. Bb2 d5 11. c5 Nd7 12. a3 Bf6 13. b4 a6 14. Nbd2 O-O 15. h3
Bxf3 16. Nxf3 Re8 17. Qb3 Nf8 18. Rfd1 Ng6 19. a4 Nf4 20. Bf1 Qc7 21. g3 Ng6
22. b5 Nce7 23. Re1 Nf5 24. Kg2 h6 25. Bd3 Nfe7 26. Bc3 Nf8 27. Qb2 Neg6 28.
Qe2 axb5 29. axb5 Ne7 30. Bd2 Neg6 31. h4 Rxa1 32. Rxa1 Nd7 33. h5 Ngf8 34. b6
Qc8 35. Rc1 Nb8 36. Bf4 Nc6 37. Bb5 Nd7 38. Qd2 Bd8 39. Qb2 Be7 40. Bc7 Bd8 41.
Bxc6 bxc6 42. Bxd8 Rxd8 43. Ra1 Nb8 44. Ne5 f6 45. Ng6 Rd7 46. Qe2 Kf7 47. f4
Qe8 48. g4 Kg8 49. Re1 e5 50. fxe5 fxe5 51. Qxe5 Qxe5 52. Rxe5 Kf7 53. Rf5+ Ke6
54. Rf8 Rb7 55. Ne5 Nd7 56. Re8+ Kf6 57. Nxc6 Nxb6 58. cxb6 Rxb6 59. Ne5 Rb4
60. Nf3 1-0

[Event "BIH-chT2"]
[Site "Tuzla"]
[Date "2015.10.18"]
[Round "4.1"]
[White "Hrvic, Bilal"]
[Black "Avdic, Mirza"]
[Result "1-0"]
[WhiteElo "2124"]
[BlackElo "2221"]
[PlyCount "99"]
[EventDate "2015.10.16"]

1. c4 c5 2. g3 Nf6 3. Bg2 d5 4. cxd5 Nxd5 5. Nf3 Nc6 6. O-O e5 7. d3 Be7 8. Nc3
Nc7 9. Bd2 O-O 10. Qc1 Bd7 11. Re1 Rc8 12. Ng5 b6 13. b3 Ne6 14. Nxe6 Bxe6 15.
Ne4 f6 16. Rb1 Qd7 17. Bc3 Kh8 18. Nd2 Rfe8 19. Qb2 b5 20. Nf3 Rc7 21. Rbd1
Rec8 22. Qb1 Nd4 23. Ba5 Rc6 24. Nxd4 cxd4 25. Bxc6 Rxc6 26. Rc1 Ba3 27. Rxc6
Qxc6 28. f3 b4 29. Qd1 Qc5 30. Bd8 Kg8 31. Qd2 Kf7 32. e4 Ke8 33. Bxf6 gxf6 34.
Qh6 Qe7 35. Re2 Kd7 36. Rc2 Qf7 37. f4 Kd6 38. fxe5+ fxe5 39. Qg5 Qd7 40. Qf6
Qe8 41. Kg2 a5 42. h3 a4 43. g4 axb3 44. axb3 Qg8 45. Kg3 Qe8 46. h4 Qg8 47. g5
Qe8 48. Kg2 Qh5 49. Qd8+ Bd7 50. Qf8+ 1-0

[Event "BIH-chT2"]
[Site "Tuzla"]
[Date "2015.10.18"]
[Round "4.1"]
[White "Hadzovic, Amir"]
[Black "Nurkic, Alija"]
[Result "1-0"]
[WhiteElo "2218"]
[BlackElo "2084"]
[PlyCount "71"]
[EventDate "2015.10.16"]

1. e4 e6 2. Nf3 d5 3. e5 c5 4. g3 Nc6 5. Bg2 f6 6. Qe2 fxe5 7. Nxe5 Nxe5 8.
Qxe5 Nf6 9. d3 Bd6 10. Qe2 O-O 11. c4 d4 12. Nd2 Rb8 13. O-O Bd7 14. Ne4 Nxe4
15. Bxe4 Qe8 16. f4 Kh8 17. Bd2 e5 18. f5 Bc6 19. Rae1 Bxe4 20. Qxe4 Qf7 21. a4
a6 22. a5 b5 23. axb6 Rxb6 24. Bc1 Qb7 25. Qe2 Bb8 26. g4 Qc7 27. Qg2 Rb3 28.
Rf3 Qb7 29. Re4 a5 30. g5 Qd7 31. Qh3 Kg8 32. Rh4 e4 33. Rxh7 Bxh2+ 34. Kxh2
Qd6+ 35. Kg1 exf3 36. g6 1-0

[Event "BIH-chT2"]
[Site "Tuzla"]
[Date "2015.10.18"]
[Round "4.1"]
[White "Hamzagic, Abdel"]
[Black "Mestrovic, Zvonimir"]
[Result "1/2-1/2"]
[WhiteElo "2060"]
[BlackElo "2271"]
[PlyCount "125"]
[EventDate "2015.10.16"]

1. c4 Nf6 2. Nc3 g6 3. Nf3 Bg7 4. g3 O-O 5. Bg2 d6 6. d4 Nc6 7. h3 e5 8. O-O
exd4 9. Nxd4 Nxd4 10. Qxd4 Ng4 11. Qd2 Ne5 12. b3 a5 13. Bb2 a4 14. Rac1 axb3
15. axb3 Be6 16. Ra1 Rxa1 17. Rxa1 c6 18. Rd1 Qb6 19. Qc2 Rd8 20. e4 f6 21. Na4
Qc7 22. Bd4 Re8 23. f4 Nf7 24. Qc3 Qe7 25. g4 c5 26. Bf2 Bd7 27. Nb6 f5 28. Qg3
fxe4 29. Nd5 Qd8 30. Re1 b5 31. Bxe4 bxc4 32. bxc4 Qa5 33. Qd3 Bc6 34. Rb1 Kf8
35. h4 Bd7 36. g5 Bg4 37. Ne3 Bh5 38. Qd5 Qd8 39. Rb7 Re7 40. Rxe7 Qxe7 41.
Qa8+ Qd8 42. Qc6 Qe8 43. Qb7 Nd8 44. Qd5 Nf7 45. f5 Bd4 46. f6 h6 47. gxh6 Bxf6
48. Nf1 Be5 49. Ng3 Nxh6 50. Nxh5 gxh5 51. Be3 Ng4 52. Bg5 Qf7 53. Qxf7+ Kxf7
54. Kg2 Bf6 55. Kg3 Be5+ 56. Kf3 Nh2+ 57. Kg2 Kg7 58. Bd5 Ng4 59. Kf3 Nh6 60.
Be6 Nf7 61. Be7 Bf6 62. Bxf7 Bxe7 63. Bxh5 1/2-1/2

[Event "BIH-chT2"]
[Site "Tuzla"]
[Date "2015.10.18"]
[Round "4.1"]
[White "Strinic, Halid"]
[Black "Imamovic, Smail"]
[Result "0-1"]
[WhiteElo "2109"]
[BlackElo "1972"]
[PlyCount "102"]
[EventDate "2015.10.16"]

1. e4 e5 2. Nf3 Nc6 3. Bb5 a6 4. Ba4 Be7 5. O-O b5 6. Bb3 Nf6 7. Re1 d6 8. h3
O-O 9. c3 Na5 10. Bc2 Bb7 11. d4 Nd7 12. Nbd2 Bc8 13. a4 c6 14. b4 Nb7 15. Nf1
Rb8 16. Ne3 exd4 17. Nxd4 Qc7 18. Nef5 Bf6 19. axb5 axb5 20. Bf4 Ne5 21. Bg3
Bd7 22. f4 Nc4 23. Qd3 g6 24. Ne3 Nxe3 25. Rxe3 Ra8 26. Rae1 Bg7 27. Bb3 Qb6
28. e5 c5 29. bxc5 dxc5 30. Nf3 Bf5 31. Qd1 c4 32. Bc2 Bxc2 33. Qxc2 Nc5 34.
Kh2 Nd3 35. R1e2 Ra3 36. Ne1 Nxe1 37. Bxe1 Rfa8 38. e6 fxe6 39. Rxe6 Qc7 40.
Qe4 Rf8 41. Re8 Qf7 42. Rxf8+ Bxf8 43. Qd4 h5 44. Re5 Rb3 45. Rg5 Bh6 46. Qd8+
Kh7 47. Bh4 Rxc3 48. g3 Rd3 49. Qb8 Rd2+ 50. Kg1 Bxg5 51. Bxg5 Qd7 0-1

[Event "BIH-chT2"]
[Site "Tuzla"]
[Date "2015.10.18"]
[Round "4.1"]
[White "Mujagic, Ismet"]
[Black "Kurtcehajic, Suad"]
[Result "0-1"]
[WhiteElo "1858"]
[BlackElo "2057"]
[PlyCount "147"]
[EventDate "2015.10.16"]

1. d4 d5 2. Nf3 Nf6 3. h3 e6 4. Bf4 c5 5. e3 Nc6 6. c3 cxd4 7. exd4 Be7 8. Bd3
O-O 9. O-O a6 10. a4 b6 11. Re1 Bb7 12. Nbd2 Rc8 13. Qe2 a5 14. Ne5 Nxe5 15.
Bxe5 Nd7 16. Bf4 Re8 17. Nf3 Nf8 18. Ne5 Ng6 19. Bg3 Nxe5 20. Bxe5 Bd6 21. Bxd6
Qxd6 22. Qh5 g6 23. Qe2 Re7 24. Qe3 Rce8 25. f4 Bc6 26. Re2 Ra7 27. Ree1 Qd7
28. Bc2 Rb8 29. Qe5 Rba8 30. h4 Qc7 31. Qf6 Qd8 32. Qe5 Qxh4 33. Re3 b5 34. Rh3
Qg4 35. Kf2 bxa4 36. Rah1 f6 37. Qe3 e5 38. f5 g5 39. dxe5 d4 40. Qg3 Qxg3+ 41.
Rxg3 Rb8 42. cxd4 Rxb2 43. Rc3 Be4 44. Rc1 fxe5 45. dxe5 Bxf5 46. Ke3 Rxc2 47.
R1xc2 Bxc2 48. Rxc2 Kf7 49. Ke4 Rb7 50. Kf5 h6 51. Rc6 Kg7 52. Rc4 Rf7+ 53. Ke6
Rf2 54. Rxa4 Rxg2 55. Rxa5 h5 56. Kf5 h4 57. Ra7+ Kh6 58. Ra8 Rf2+ 59. Kg4 Rf4+
60. Kh3 Re4 61. Re8 Kg6 62. Re7 Kf5 63. Rf7+ Kxe5 64. Rf8 Re3+ 65. Kg2 g4 66.
Re8+ Kf4 67. Rf8+ Ke4 68. Rg8 h3+ 69. Kh2 Re2+ 70. Kh1 Re1+ 71. Kh2 Re2+ 72.
Kh1 Kf3 73. Rf8+ Kg3 74. Rf1 0-1

[Event "BIH-chT2"]
[Site "Tuzla"]
[Date "2015.10.18"]
[Round "4.2"]
[White "Trumic, Enes"]
[Black "Kojic, Tigran"]
[Result "1/2-1/2"]
[WhiteElo "2244"]
[BlackElo "2346"]
[PlyCount "55"]
[EventDate "2015.10.16"]

1. d4 d5 2. c4 e6 3. Nc3 c5 4. cxd5 exd5 5. Nf3 Nf6 6. e3 Nc6 7. Be2 Be7 8. O-O
O-O 9. b3 Ne4 10. Bb2 Bf6 11. Na4 Bg4 12. Rc1 cxd4 13. Nxd4 Bxe2 14. Nxe2 Bxb2
15. Nxb2 Qa5 16. Na4 Rac8 17. Nec3 Nxc3 18. Rxc3 b5 19. Rc5 Qb4 20. a3 Qxa3 21.
Rxb5 Ne7 22. Rb7 a5 23. b4 axb4 24. Rxe7 b3 25. Rb7 Qxa4 26. Rxb3 Rfd8 27. Rd3
Qxd1 28. Rfxd1 1/2-1/2

[Event "BIH-chT2"]
[Site "Tuzla"]
[Date "2015.10.18"]
[Round "4.2"]
[White "Mrndjic, Muamer"]
[Black "Avdic, Adnan"]
[Result "1/2-1/2"]
[WhiteElo "2224"]
[BlackElo "2268"]
[PlyCount "22"]
[EventDate "2015.10.16"]

1. d4 Nf6 2. Nf3 e6 3. c4 d5 4. cxd5 exd5 5. Bg5 Be7 6. Nc3 O-O 7. Qc2 Re8 8.
e3 Nbd7 9. Be2 c6 10. O-O Nf8 11. h3 Ne4 1/2-1/2